000 00732nam a2200205Ii 4500
003 JO-AjNU
008 230605s9999||||xx |||||||||||||| ||und||
040 _aJO-AjNU
_bara
_erda
_cJO-AjNU
041 _aara
050 1 4 _aJX6311.2003
100 3 _a كوماني ، لطيف جبر ,
_eauthor
_931310
245 0 0 _aالقانون البحري : السفينة - اشخاص الملاحة - النقل - البيوع - التأمين
250 _aط2
264 3 1 _aعمان : الدار العلمية الدولية ، دار الثقافة ، 2003
300 _a294ص
336 _atext
_btxt
_2rdacontent
337 _aunmediated
_bn
_2rdamedia
338 _avolume
_bnc
_2rdacarrier
650 4 _aقانون بحري
_931311
999 _aA12511
_c16079
_d16079